Introduction to the theory of computation (Record no. 10809)

000 -LEADER
fixed length control field 00445 a2200169 4500
020 ## - INTERNATIONAL STANDARD BOOK NUMBER
International Standard Book Number 0534950973
082 ## - DEWEY DECIMAL CLASSIFICATION NUMBER
Classification number 511.3
090 ## - LOCALLY ASSIGNED LC-TYPE CALL NUMBER (OCLC); LOCAL CALL NUMBER (RLIN)
-- 7000
-- 7000
100 ## - MAIN ENTRY--PERSONAL NAME
Personal name Sipser, Michael
245 ## - TITLE STATEMENT
Title Introduction to the theory of computation
Statement of responsibility, etc. Michael Sipser
250 ## - EDITION STATEMENT
Edition statement 2nd ed.
260 ## - PUBLICATION, DISTRIBUTION, ETC.
Place of publication, distribution, etc. United States
Name of publisher, distributor, etc. Thomson
Date of publication, distribution, etc. 2006
300 ## - PHYSICAL DESCRIPTION
Extent 431 p.
650 ## - SUBJECT ADDED ENTRY--TOPICAL TERM
Topical term or geographic name entry element Computational complexity--Machine theory
700 ## - ADDED ENTRY--PERSONAL NAME
Personal name Michael Sipser
942 ## - ADDED ENTRY ELEMENTS (KOHA)
Koha item type Book
Call number prefix 511.3 SIP
Holdings
Withdrawn status Lost status Damaged status Not for loan Collection code Permanent Location Current Location Shelving location Date acquired Source of acquisition Cost, normal purchase price Total Checkouts Total Renewals Full call number Barcode Checked out Date last seen Date last checked out Price effective from Koha item type
          Central Library (CL) Central Library (CL) General Stacks 04/13/2012 Progressive International Agencies 9088.63 8 4 511.3 SIP SEECS011142 05/04/2026 01/24/2026 01/24/2026 01/05/2017 Book
          Central Library (CL) Central Library (CL) General Stacks 04/20/2012 Global~Link Information Services 15700.00 11 7 511.3 SIP SEECS011250   05/06/2026 01/07/2024 01/05/2017 Book
          Central Library (CL) Central Library (CL) General Stacks 04/22/2012 Global~Link Information Services 15700.00 10 11 511.3 SIP SEECS011251 05/17/2026 04/15/2024 09/02/2022 01/05/2017 Book
© 2023 Central Library, National University of Sciences and Technology. All Rights Reserved.